| 000 | 00541nam a2200193Ia 4500 | ||
|---|---|---|---|
| 005 | 20250326141716.0 | ||
| 008 | 250326s9999 xx 000 0 und d | ||
| 020 | _a0-13-282856-1 | ||
| 037 | _aTextbook | ||
| 040 |
_aFMSL _beng _cFMSL |
||
| 041 |
_aeng _2eng |
||
| 084 |
_aX62.1 N0 _qFMSL |
||
| 100 |
_aHultman C W _9744938 |
||
| 245 | 0 |
_aEnvironment of international banking _cHultman C W |
|
| 260 |
_aNew Jersey _bNew Jersey, Prentice Hall _c1990 |
||
| 300 | _a303p | ||
| 942 |
_cTB _hX62.1 N0 |
||
| 999 |
_c1291594 _d1291594 |
||